AGAINST GIANTS (Record no. 56790)

000 -LEADER
fixed length control field 00435nam a22001817a 4500
003 - CONTROL NUMBER IDENTIFIER
control field MPLRDC
005 - DATE AND TIME OF LATEST TRANSACTION
control field 20220104164107.0
008 - FIXED-LENGTH DATA ELEMENTS--GENERAL INFORMATION
fixed length control field 210129b ||||| |||| 00| 0 eng d
020 ## - INTERNATIONAL STANDARD BOOK NUMBER
International Standard Book Number 978-981-04-9731-6
082 ## - DEWEY DECIMAL CLASSIFICATION NUMBER
Classification number 992.77 LIM
100 ## - MAIN ENTRY--PERSONAL NAME
Personal name DAVID LIM YEW LEE
245 ## - TITLE STATEMENT
Title AGAINST GIANTS
Statement of responsibility, etc.
250 ## - EDITION STATEMENT
Edition statement 2ND ED.
260 ## - PUBLICATION, DISTRIBUTION, ETC.
Place of publication, distribution, etc. SINGAPORE
Name of publisher, distributor, etc. EPIGRAM PTE LTD
Date of publication, distribution, etc. 2007
300 ## - PHYSICAL DESCRIPTION
Other physical details 164
650 ## - SUBJECT ADDED ENTRY--TOPICAL TERM
Topical term or geographic name entry element CLIMBING
942 ## - ADDED ENTRY ELEMENTS (KOHA)
Koha item type Book
-- 992.77 LIM
Holdings
Withdrawn status Lost status Source of classification or shelving scheme Damaged status Not for loan Collection code Home library Current library Shelving location Date acquired Cost, normal purchase price Total Checkouts Full call number Barcode Date last seen Date last checked out Price effective from Koha item type Public note
            Malaysian Public Library, Research and Development Centre Malaysian Public Library, Research and Development Centre   10/12/2007 34.30   992.77 LIM E0001015 18/03/2021 21/05/2017 18/03/2021 Book mplrdc

© 2022. Malaysian Public Library, Research and Development Centre. All Right ReservedE-mailmplrdc@help.edu.my 

Powered by Koha